Slováci chcú bezpečnejšie výrobky

Slovenskí spotrebitelia sa stále viac obávajú škodlivých chemických látok vo výrobkoch bežnej spotreby. Požadujú nielen viac informácií, ale aj prísnejšiu reguláciu a dôslednejšie testovanie produktov pred ich uvedením na trh.

Na minha lista:
Detalhes bibliográficos
Autor principal: Alenová, Gabriela
Formato: Capítulo de Livro
Idioma:eslovaco
Assuntos:
Tags: Adicionar Tag
Sem tags, seja o primeiro a adicionar uma tag!

MARC

LEADER 00000naa a2200000 4500
001 0312089
005 20250905135631.0
041 0 |a slo 
044 |a SK 
245 1 0 |a Slováci chcú bezpečnejšie výrobky  |c Gabriela Alenová 
520 |a Slovenskí spotrebitelia sa stále viac obávajú škodlivých chemických látok vo výrobkoch bežnej spotreby. Požadujú nielen viac informácií, ale aj prísnejšiu reguláciu a dôslednejšie testovanie produktov pred ich uvedením na trh. 
610 2 0 |a bezpečnosť výrobkov 
610 2 0 |a ochrana spotrebiteľa 
610 2 0 |a testovanie výrobkov 
610 2 0 |a ochrana zdravia 
610 2 0 |a ochrana prostredia životného 
610 2 0 |a chémia 
100 1 |a Alenová, Gabriela